000 00384pab a2200157 454500
008 180718b2014 xxu||||| |||| 00| 0 eng d
100 _aBiswal, Subrat
245 _aDisaster management in India
260 _c2014
300 _ap.43-46.
362 _aSep
650 _aDisaster prevention - India
650 _aDisaster prevention
773 _aThird Concept
909 _a114087
999 _c114081
_d114081